000 00332nam a2200133Ia 4500
008 240624s9999 xx 000 0 und d
041 _aeng
082 _a368 DES
100 _aDESHMUKH SHAILAJA
245 _aMULTIPLE DECREMENT MODELS IN INSURANCE
260 _c2012
_aPune
_bSpringer
300 _a220 : p. : cm ; 24
365 _cRS
999 _c20896
_d20896